000 00984cam a2200253 a 4500
999 _c224232
_d224232
001 sky247061200
003 SKY
005 20170807134708.0
008 111101t20111982nyu 000 1 eng d
020 _a9780062018021
020 _a0062018027
040 _aDV1
_cDV1
_dGZD
_dCoLwJCPL
_erda
092 _afiction
099 9 _aFICTION
100 1 _aHillerman, Tony.
_93180
245 1 4 _aThe dark wind /
_cTony Hillerman.
260 _aNew York :
_bHarper,
_c2011, c1982.
264 _aNew York :
_bHarper,
_c2011, c1982.
300 _aviii, 304 p. ;
_c20 cm.
336 _abook
337 _abook
338 _abook
520 _aAfter Sgt. Jim Chee discovers the body of a Navajo man with horribly flayed feet and hands, a number of apparently unrelated events leads him along a path of confusion. Was Chee being duped in a magician's elaborate sleight of hand?
650 0 _aChee, Jim (Fictitious character)
_vFiction.
_95729577
650 0 _aPolice
_zSouthwestern States
_vFiction.
_95729578
650 0 _aNavajo Indians
_vFiction.
_95729579
651 0 _aSouthwestern States
_vFiction.
_95729580
655 7 _aDetective and mystery fiction.
_2lcgft.
_95683641
907 _a.b369141866
942 _2ddc
_cBOOK